00421nam a2200121Ia 4500008004100000245012900041260003500170260000900205300000800214500001100222650001300233856005300246170516s9999 xx 000 0 und d aTherapeutic Drug Monitoring of Vancomycin Following Critical Care Illnesses: Peak Concentration Determination Maybe Critical bJournal of Pharmaceutical Care c2014 a2:3 aSummer xPharmacy uhttp://jpc.tums.ac.ir/index.php/jpc/issue/view/8